000 01040nam a2200301 a 4500
999 _c474986
_d474986
003 BLK
005 20241212140558.0
008 221004b bul|||||r ||||||| ||bul||
010 _aKNG00139676000
020 _a9786197624250
040 _aBLK
041 _aBUL
_cBUL
080 _aБългарска литература
_b821.163.2
_x-322.4
_z821.163.2-322.4
080 _aБългарска литература
_b821.163.2
_x-293.7
_z821.163.2-293.7
100 1 _aГеоргиев, Людмил Руменов
_eпърви автор
_9260230
139 _aГеоргиев, Людмил Руменов
_bГ 37
245 1 0 _aОт местопрестъплението : Bulgaria
_cЛюдмил Руменов Георгиев.
250 _a2. доп. изд.
257 _aBGR
260 _aСофия
_bАтеа Букс
_c2022
300 _a306 с.
_c21 см
380 _aX
856 4 _qpdf
856 4 _qpdf
942 _cKNG
_n0
_021
_s1
944 _aCR
_c2022-10-04
_k30531
_lЦветелина Шанова
999 _d474986